000 00772nam a22002297a 4500
003 UA-OsUOA
001 118746
007 ta
008 20160914b un ||||| |||| 00| 0 ukr d
100 _aДіденко С.В.
700 _aШелехань О.В.
090 _a902
_bД50
942 _cSA
040 _aUA-OsUOA
_bukr
_cUA-OsUOA
_dUA-OsUOA
245 _aКинджали скіфського часу із перехрестями спрощених форм (за матріалами Національного музею історії України)
300 _aС.66-78
955 _a0
041 _aukr
080 _a902
773 0 _w118740
_tАрхеологія
_dК.
_d2016
_g2
650 7 _a9 Географія. Біографії. Історія
_2UDC
999 _c404855
_d404855